000 00619nam a22001817a 4500
003 BD-DhUL
005 20180510121340.0
008 180510s1982 ii ||||| |||| 00| 0 ben d
040 _aBD-DhUL
_cBD-DhUL
082 _a891.443
_bASJ
100 1 _aদেবী, আশাপূর্ণা
245 0 0 _aজরিপ /
_cআশাপূর্ণা দেবী
260 _aকলিকাতা :
_bমন্ডল বুক হাউজ,
_c১৯৮২।
300 _a১৬৫ পৃ. ;
_c২১ সেমি.
650 4 _aবাংলা উপন্যাস
650 4 _aBengali fiction
942 _2ddc
_cBK
999 _c241191
_d241191